000 00606 a2200217 4500
005 20260401121042.0
008 260324b |||||||| |||| 00| 0 eng d
020 _a9789348309846
_cRs. 3100.00
040 _aMAIN
082 _a709.54
_bS63R
100 _aShinde Vasant
245 _aRevisiting the cultural heritage of South Asia: Emerging trends
260 _bResearch India Press
_c2026
_aPune
300 _axx, 166
650 _aArt
650 _aCultural Heritage
650 _aIndia-Art-History
700 _aGanvir, Shrikant, ed.
700 _aDibyopama, Astha, ed.
942 _cBK
999 _c394847
_d394847